000 00479nam a2200181Ia 4500
008 240925s9999 xx 000 0 und d
020 _aNA
082 _a984.01 BAQ
100 _aBaquedano, Elizabeth
245 0 _aAztec INCA & Maya: eyewitness books
250 _aNA
260 _aNew York:
_bAlfred -A Knope
_c,1990.
300 _a63p.
_bNA
_fOriginal
500 _aIncludes Index
600 _aHumanities & Natural Science
650 _aHistory and Geography
942 _cBK
999 _c2908
_d2908